00448nam a2200193Ia 4500008004100000020001800041050001400059100001600073245001400089245001900103260001500122260001600137260000900153300001500162300002700177300001000204440003200214500000800246170918s9999 xx 000 0 und d a9780439267072 bM398 2002 aMasoff, Joy aEverest / cby Joy Masoff. aNew York : bScholastic, c2002 a48 pages : bcolored illustration ; c23cm. aScholastic history readers. a850